Çağdaş Kürt Destanları : (Record no. 15285)
[ view plain ]
| 000 -BAŞLIK | |
|---|---|
| Sabit Uzunlukta Kontrol Alanı | 00679nam a22002177a 4500 |
| 999 ## - SİSTEM KONTROL NUMARALARI (KOHA) | |
| Koha Biblionumber | 15285 |
| Koha Biblioitemnumber | 15285 |
| 003 - KONTROL NUMARASI IDENTIFIER | |
| Denetim Alanı | MIRAKIL |
| 005 - SON İŞLEM TARİHİ VE ZAMANI | |
| Denetim Alanı | 20240206134905.0 |
| 008 - SABİT-BOY VERİ ELEMANLARI - GENEL BİLGİLER | |
| Sabit Uzunlukta Kontrol Alanı | 240206b tu ||||| |||| 00| 0 tur d |
| 040 ## - KATALOGLAMA KAYNAK | |
| Orijinal Kataloglama Ajansı | TR-AnCHP |
| Metne Dönüştürmek Ajansı | TR-AnCHP |
| 041 ## - DİL KODU | |
| Metin / Ses Parça Veya Ayrı Başlığın Dil Kodu | Türkçe |
| 082 ## - DEWEY ONLU SINIFLANDIRMA NUMARASI | |
| Sınıflandırma Numarası | 398.22 |
| Ürün Numarası | M26Ç [t.y.] |
| 090 ## - SINIFLAMA NUMARASI | |
| Sınıflama Numarası | 398.22 M26Ç [t.y.] |
| 100 ## - ANA GİRİŞ - KİŞİSEL İSİM | |
| Kişisel Ad | Mar, Cemşid |
| 245 10 - BAŞLIK TABLOSU | |
| Başlık | Çağdaş Kürt Destanları : |
| Başlığın Kalan | Koşgiri / Ağrı / Dersim / Newroz |
| Sorumluluk Tablosu, Vb | Cemşid Mar |
| 250 ## - EDITION TABLOSU | |
| Baskı Beyanı | 1. bs. |
| 260 ## - YAYIN, DAĞITIM, VB | |
| Yayın, Dağıtım, Vb Yeri | Ankara |
| Yayıncı, Dağıtıcı, Vs Adı | Öz-Ge |
| Yayın, Dağıtım, Vb Tarihi | [t.y.] |
| 300 ## - FİZİKSEL TANIM | |
| Kapsam | 226 s.: |
| Diğer Fiziksel Ayrıntıları | res. ; |
| Boyutlar | 19 cm. |
| 650 #0 - KONU KATMA GİRİŞ - TOPİKAL DÖNEM | |
| 9 (RLIN) | 5116 |
| Topikal Süreli Veya Coğrafi Ad Giriş Elemanı | Kürtler |
| Genel Alt Bölümü | Destan |
| 856 ## - ELEKTRONİK YER VE ERİŞİM | |
| Kamu Notu | Dijital Nüshası için Partimizin Kütüphane Sorumlusu ile iletişime geçiniz. |
| 942 ## - EKLENDİ GİRİŞ ELEMANLARI (KOHA) | |
| Sınıflandırma Veya Raf Düzeni Kaynak | Dewey Decimal Classification |
| Koha Öğesi Türü | Books |
| Kalıcı Konum | Mevcut Konum | Edinme Tarihi | Toplam Check-Out'Lar | Tam Çağrı Numarası | Barkod | Tarih Son Görülme | İtibaren Geçerli Fiyatlar | Koha Öğesi Türü |
|---|---|---|---|---|---|---|---|---|
| CHP Kütüphanesi | CHP Kütüphanesi | 02/06/2024 | 398.22 M26Ç [t.y.] | 20875 | 02/06/2024 | 02/06/2024 | Books |
